| LEADER 00000nam 2200000uu 4500 |
| 008 110902s2553||||th 000 0 tha d |
| 060 0 วจ QU 145 จ651 2553.
|
| 100 0 ^aจุรีรัตน์ ห่อเกียรติ...[และคนอื่นๆ].
|
| 245 00 ^aรายงานวิจัยเรื่อง ความคิดเห็นเกี่ยวกับการแสดงข้อมูลโภชนาการเพิ่มเติม (กลุ่มหน่วยงาน)./^bจุรีรัตน์ ห่อเกียรติ...[และคนอื่นๆ].
|
| 260 ^aกรุงเทพฯ : ^bสำนักอาหาร สำนักงานคณะกรรมการอาหารและยา,^c2553.
|
| 300 ^aจำนวน 68 หน้า ;^bภาพประกอบ.
|
| 650 0 ^aโภชนการ - - ^xวิจัย.
|
| 650 0 ^aวิจัย.
|
| 700 0 ^aจุรีรัตน์ ห่อเกียรติ.
|
| 710 1 ^aสำนักงานคณะกรรมการอาหารและยา. สำนักอาหาร.
|
| 710 1 ^aเครือข่ายเด็กไทยไม่กินหวาน.
|
| 999 ^aใช้งานได้ทุกระบบ
|